Information Visualization : Perception for Design /

Salvato in:
Dettagli Bibliografici
Autore principale: Ware, Colin (Autore)
Natura: Libro
Lingua:inglese
Pubblicazione: Waltham, Morgan Kaufmann, Elsevier, 2013
Edizione:3. vyd.
Soggetti:
Tags: Aggiungi Tag
Nessun Tag, puoi essere il primo ad aggiungerne!!

MARC

LEADER 00000nam a22000003a 4500
001 0075808
003 SK-STU
005 20190918114230.3
007 ta
008 190918s ----xo-----e------000-0-----d
020 |a 978-0-12381464-7 
040 |a STU  |b slo 
041 0 |a eng 
044 |a xxu 
100 1 |a Ware, Colin  |4 aut  |r Z6 
245 1 0 |a Information Visualization :  |b Perception for Design /  |c aut. Colin Ware 
250 |a 3. vyd. 
260 |a Waltham,  |b Morgan Kaufmann, Elsevier,  |c 2013 
300 |a 512 s. 
650 0 7 |a vizualizácia informácií 
996 |c I*11WS13308  |l II680  |s A  |a 24  |w 0075808_0001